[Event "GER-ch Youth U10W 2020"]
[Site "Willingen"]
[Date "2020.10.29"]
[Round "4.14"]
[White "Jäger, Viktoria"]
[Black "Tran, Hanna Emilie Mai Hoa"]
[Result "0-1"]
[WhiteElo "1114"]
[BlackElo "986"]
[Annotator "NA RC"]
[PlyCount "104"]
[EventDate "2020.10.27"]
[EventType "swiss"]
[EventRounds "7"]
[EventCountry "GER"]
[SourceTitle "playchess.com"]
[Source "ChessBase"]
[SourceQuality "1"]
[TimeControl "40/4500+30:900+30"]

1. e4 {[%emt 0:00:00]} e5 {[%emt 0:00:00]} 2. Nf3 {[%emt 0:00:00]} Nc6 {[%emt 0:00:00]} 3. Bc4 {[%emt 0:00:00]} d6 {[%emt 0:00:29]} 4. c3 {[%emt 0:00:55]} Nf6 {[%emt 0:01:02]} 5. d4 {[%emt 0:01:40]} Nxe4 {[%emt 0:00:39]} 6. Bd5 {[%emt 0:04:38]} Bf5 {[%emt 0:03:44]} 7. O-O {[%emt 0:02:22]} Be7 {[%emt 0:02:15]} 8. Nbd2 {[%emt 0:02:01]} Nf6 {[%emt 0:01:29]} 9. Re1 {[%emt 0:03:04]} Nxd5 {[%emt 0:02:40]} 10. Ne4 {[%emt 0:04:15]} O-O {[%emt 0:01:41]} 11. Bg5 {[%emt 0:04:57]} Bxe4 {[%emt 0:01:57]} 12. Rxe4 {[%emt 0:03:59]} Bxg5 {[%emt 0:00:20]} 13. dxe5 {[%emt 0:00:56]} Re8 {[%emt 0:00:32]} 14. Qxd5 {[%emt 0:00:20]} Bh6 {[%emt 0:00:32]} 15. e6 {[%emt 0:00:33]} Qe7 {[%emt 0:00:52]} 16. Rae1 {[%emt 0:00:56]} f6 {[%emt 0:00:49]} 17. Qb5 {[%emt 0:04:05]} Ne5 {[%emt 0:01:44]} 18. Nd4 {[%emt 0:01:07]} c6 {[%emt 0:00:30]} 19. Qb3 {[%emt 0:01:48]} d5 {[%emt 0:01:08]} 20. Nf5 {[%emt 0:02:31]} Qd8 {[%emt 0:01:33]} 21. Nxh6+ {[%emt 0:01:46]} gxh6 {[%emt 0:00:08]} 22. R1e3 {[%emt 0:01:22]} dxe4 {[%emt 0:00:55]} 23. e7+ {[%emt 0:00:17]} Qd5 {[%emt 0:01:14]} 24. Rg3+ {[%emt 0:00:29]} Ng6 {[%emt 0:00:34]} 25. c4 {[%emt 0:01:35]} Qa5 {[%emt 0:01:20]} 26. c5+ {[%emt 0:00:26]} Kg7 {[%emt 0:00:07]} 27. h3 {[%emt 0:00:25]} Qxc5 {[%emt 0:00:40]} 28. h4 {[%emt 0:06:13]} h5 {[%emt 0:00:35]} 29. Qxb7 {[%emt 0:02:46]} Qxe7 {[%emt 0:00:48]} 30. Qxc6 {[%emt 0:03:12]} Rac8 {[%emt 0:00:16]} 31. Qd5 {[%emt 0:04:07]} Qe6 {[%emt 0:00:40]} 32. Qb7+ {[%emt 0:04:33]} Qe7 {[%emt 0:00:21]} 33. Qd5 {[%emt 0:03:31]} Rc1+ {[%emt 0:01:25]} 34. Kh2 {[%emt 0:00:41]} Rc5 {[%emt 0:00:22]} 35. Qd4 {[%emt 0:03:14]} Qe5 {[%emt 0:00:27]} 36. Qd7+ {[%emt 0:02:25]} Qe7 {[%emt 0:01:25]} 37. Qd4 {[%emt 0:03:18]} Rd8 {[%emt 0:00:11]} 38. Qb4 {[%emt 0:01:12]} Rc7 {[%emt 0:01:04]} 39. Qe1 {[%emt 0:01:00]} f5 {[%emt 0:00:32]} 40. b3 {[%emt 0:02:13]} f4 {[%emt 0:00:19]} 41. Rg5 {[%emt 0:15:43]} h6 {[%emt 0:15:16]} 42. Qa1+ {[%emt 0:01:50]} Kh7 {[%emt 0:00:29]} 43. g3 {[%emt 0:01:51]} hxg5 44. Qe1 {[%emt 0:01:15]} gxh4 {[%emt 0:00:32]} 45. gxh4 {[%emt 0:00:32]} Qxh4+ {[%emt 0:00:09]} 46. Kg1 {[%emt 0:01:22]} Qg4+ {[%emt 0:00:34]} 47. Kh2 {[%emt 0:00:30]} Qh4+ {[%emt 0:00:16]} 48. Kg1 {[%emt 0:00:09]} Qh3 {[%emt 0:00:10]} 49. f3 {[%emt 0:00:33]} Nh4 {[%emt 0:00:24]} 50. Qxe4+ {[%emt 0:00:32]} Kg8 {[%emt 0:00:21]} 51. Qe2 {[%emt 0:00:27]} Rc1+ {[%emt 0:00:09]} 52. Kf2 {[%emt 0:00:31]} Qg2# 0-1

[Event "GER-ch Youth U10W 2020"]
[Site "Willingen"]
[Date "2020.10.29"]
[Round "4.15"]
[White "Nalam, Mokshadha"]
[Black "Manakov, Luisa"]
[Result "1-0"]
[WhiteElo "962"]
[BlackElo "1103"]
[Annotator "NA RC"]
[PlyCount "149"]
[EventDate "2020.10.27"]
[EventType "swiss"]
[EventRounds "7"]
[EventCountry "GER"]
[SourceTitle "playchess.com"]
[Source "ChessBase"]
[SourceQuality "1"]
[TimeControl "40/4500+30:900+30"]

1. e4 {[%emt 0:00:00]} e5 {[%emt 0:00:00]} 2. Nf3 {[%emt 0:00:00]} Nc6 {[%emt 0:00:00]} 3. Bc4 {[%emt 0:00:00]} Bc5 {[%emt 0:00:00]} 4. c3 {[%emt 0:00:38]} Nf6 {[%emt 0:00:10]} 5. d3 {[%emt 0:00:19]} d6 {[%emt 0:00:55]} 6. h3 {[%emt 0:00:07]} Bd7 {[%emt 0:01:19]} 7. a4 {[%emt 0:00:28]} a6 {[%emt 0:01:20]} 8. O-O {[%emt 0:00:17]} h6 {[%emt 0:01:21]} 9. Nbd2 {[%emt 0:01:25]} O-O {[%emt 0:00:20]} 10. Re1 {[%emt 0:00:38]} Be6 {[%emt 0:02:00]} 11. Bb3 {[%emt 0:00:33]} Qd7 {[%emt 0:02:17]} 12. Bxe6 {[%emt 0:01:26]} fxe6 {[%emt 0:00:32]} 13. Nf1 {[%emt 0:00:23]} Rfe8 {[%emt 0:01:28]} 14. Be3 {[%emt 0:00:13]} Ba7 {[%emt 0:01:07]} 15. Bxa7 {[%emt 0:00:15]} Rxa7 {[%emt 0:00:09]} 16. d4 {[%emt 0:00:42]} exd4 {[%emt 0:00:44]} 17. cxd4 {[%emt 0:01:00]} e5 {[%emt 0:00:40]} 18. d5 {[%emt 0:00:14]} Ne7 {[%emt 0:00:44]} 19. Ng3 {[%emt 0:01:36]} c6 {[%emt 0:00:49]} 20. dxc6 {[%emt 0:00:14]} Nxc6 {[%emt 0:01:03]} 21. b4 {[%emt 0:01:33]} Nxb4 {[%emt 0:00:47]} 22. Qb3+ {[%emt 0:00:11]} Qe6 {[%emt 0:07:37]} 23. Qxb4 {[%emt 0:00:49]} Rc8 {[%emt 0:00:50]} 24. Rec1 {[%emt 0:02:38]} Rxc1+ {[%emt 0:03:34]} 25. Rxc1 {[%emt 0:00:19]} Qd7 {[%emt 0:02:51]} 26. Rd1 {[%emt 0:01:03]} Ne8 {[%emt 0:00:16]} 27. Nxe5 {[%emt 0:00:13]} Qc7 {[%emt 0:02:37]} 28. Qb3+ {[%emt 0:02:08]} Kh7 {[%emt 0:00:42]} 29. Nf3 {[%emt 0:01:27]} a5 {[%emt 0:02:34]} 30. Qd3 {[%emt 0:01:20]} Kh8 {[%emt 0:00:38]} 31. Qe3 {[%emt 0:00:41]} Ra6 {[%emt 0:00:16]} 32. e5 {[%emt 0:00:17]} Rc6 {[%emt 0:00:21]} 33. exd6 {[%emt 0:00:26]} Nxd6 {[%emt 0:00:20]} 34. Qf4 {[%emt 0:02:46]} b6 {[%emt 0:02:07]} 35. Ne5 {[%emt 0:01:29]} Rc5 {[%emt 0:02:17]} 36. Ng6+ {[%emt 0:00:55]} Kh7 {[%emt 0:00:25]} 37. Qxd6 {[%emt 0:00:16]} Qxd6 {[%emt 0:01:01]} 38. Rxd6 {[%emt 0:00:19]} b5 {[%emt 0:01:10]} 39. axb5 {[%emt 0:00:28]} Rxb5 {[%emt 0:00:09]} 40. Nf4 {[%emt 0:00:54]} a4 {[%emt 0:00:18]} 41. Ra6 {[%emt 0:15:10]} Rb1+ {[%emt 0:15:11]} 42. Kh2 {[%emt 0:00:11]} Ra1 {[%emt 0:00:08]} 43. Nge2 {[%emt 0:00:34]} a3 {[%emt 0:00:12]} 44. Nc3 {[%emt 0:00:41]} g5 {[%emt 0:00:32]} 45. Nfe2 {[%emt 0:00:11]} h5 {[%emt 0:00:48]} 46. Nd4 {[%emt 0:00:24]} h4 {[%emt 0:00:44]} 47. Ndb5 {[%emt 0:00:10]} Rf1 {[%emt 0:00:48]} 48. f3 {[%emt 0:00:37]} Ra1 {[%emt 0:01:06]} 49. Rxa3 {[%emt 0:00:13]} Rxa3 {[%emt 0:00:07]} 50. Nxa3 {[%emt 0:00:04]} Kg6 {[%emt 0:00:12]} 51. g3 {[%emt 0:00:14]} hxg3+ {[%emt 0:00:24]} 52. Kxg3 {[%emt 0:00:48]} Kf5 {[%emt 0:00:10]} 53. Ne2 {[%emt 0:00:21]} Kf6 {[%emt 0:00:25]} 54. Kg4 {[%emt 0:00:10]} Kg6 {[%emt 0:00:08]} 55. Nc2 {[%emt 0:00:22]} Kh6 {[%emt 0:00:23]} 56. h4 {[%emt 0:00:33]} gxh4 {[%emt 0:00:09]} 57. Kxh4 {[%emt 0:00:04]} Kg6 {[%emt 0:00:11]} 58. Kg4 {[%emt 0:00:09]} Kf7 {[%emt 0:00:15]} 59. Kf5 {[%emt 0:00:16]} Kf8 {[%emt 0:00:17]} 60. Kf6 {[%emt 0:00:12]} Ke8 {[%emt 0:00:20]} 61. f4 {[%emt 0:00:11]} Kf8 {[%emt 0:00:13]} 62. f5 {[%emt 0:00:07]} Ke8 {[%emt 0:00:07]} 63. Kg7 {[%emt 0:00:06]} Ke7 {[%emt 0:00:11]} 64. f6+ {[%emt 0:00:11]} Ke6 {[%emt 0:00:06]} 65. f7 {[%emt 0:00:07]} Ke5 {[%emt 0:00:07]} 66. f8=Q {[%emt 0:00:17]} Kd5 {[%emt 0:00:16]} 67. Qe7 {[%emt 0:00:26]} Kc6 {[%emt 0:00:09]} 68. Qd8 {[%emt 0:00:10]} Kb7 {[%emt 0:00:10]} 69. Qd6 {[%emt 0:00:16]} Ka8 {[%emt 0:00:05]} 70. Qd7 {[%emt 0:00:09]} Kb8 {[%emt 0:00:10]} 71. Kf6 {[%emt 0:00:09]} Ka8 {[%emt 0:00:06]} 72. Ke6 {[%emt 0:00:12]} Kb8 {[%emt 0:00:04]} 73. Kd6 {[%emt 0:00:15]} Ka8 {[%emt 0:00:02]} 74. Kc6 {[%emt 0:00:24]} Kb8 {[%emt 0:00:06]} 75. Qb7# 1-0

[Event "GER-ch Youth U10W 2020"]
[Site "Willingen"]
[Date "2020.10.29"]
[Round "4.17"]
[White "Zhou, Leyi Charlotte"]
[Black "Mo, Keyou"]
[Result "1-0"]
[WhiteElo "1071"]
[BlackElo "950"]
[Annotator "NA RC"]
[PlyCount "113"]
[EventDate "2020.10.27"]
[EventType "swiss"]
[EventRounds "7"]
[EventCountry "GER"]
[SourceTitle "playchess.com"]
[Source "ChessBase"]
[SourceQuality "1"]
[TimeControl "40/4500+30:900+30"]

1. e4 {[%emt 0:00:00]} e5 {[%emt 0:00:00]} 2. Nf3 {[%emt 0:00:00]} Nc6 {[%emt 0:00:00]} 3. d4 {[%emt 0:00:00]} exd4 {[%emt 0:00:00]} 4. Nxd4 {[%emt 0:00:00]} Nxd4 {[%emt 0:00:00]} 5. Qxd4 {[%emt 0:00:09]} c5 {[%emt 0:00:04]} 6. Qd1 {[%emt 0:00:11]} d6 {[%emt 0:00:27]} 7. Nc3 {[%emt 0:01:11]} Nf6 {[%emt 0:00:09]} 8. Bc4 {[%emt 0:01:53]} Be6 {[%emt 0:01:35]} 9. Bxe6 {[%emt 0:01:30]} fxe6 {[%emt 0:00:11]} 10. O-O {[%emt 0:00:15]} d5 {[%emt 0:01:44]} 11. exd5 {[%emt 0:00:37]} exd5 {[%emt 0:00:28]} 12. Re1+ {[%emt 0:00:23]} Be7 {[%emt 0:00:41]} 13. Bg5 {[%emt 0:00:31]} O-O {[%emt 0:05:18]} 14. Nxd5 {[%emt 0:08:40]} Rf7 {[%emt 0:06:03]} 15. Nxe7+ {[%emt 0:03:19]} Kf8 {[%emt 0:04:33]} 16. Qxd8+ {[%emt 0:02:10]} Rxd8 {[%emt 0:00:13]} 17. Nf5 {[%emt 0:01:27]} h6 {[%emt 0:05:37]} 18. Bxf6 {[%emt 0:04:57]} Rxf6 {[%emt 0:02:13]} 19. Re5 {[%emt 0:00:56]} b6 {[%emt 0:03:04]} 20. Ng3 {[%emt 0:01:01]} Rfd6 {[%emt 0:00:56]} 21. f3 {[%emt 0:01:55]} c4 {[%emt 0:03:22]} 22. b3 {[%emt 0:00:21]} cxb3 {[%emt 0:01:40]} 23. axb3 {[%emt 0:00:23]} Rc8 {[%emt 0:00:51]} 24. c4 {[%emt 0:04:43]} b5 {[%emt 0:01:54]} 25. Rxb5 {[%emt 0:04:43]} Re8 {[%emt 0:01:06]} 26. Rf5+ {[%emt 0:01:45]} Kg8 {[%emt 0:01:14]} 27. Ne4 {[%emt 0:01:28]} Rd3 {[%emt 0:03:25]} 28. Rb1 {[%emt 0:03:31]} Rb8 {[%emt 0:03:19]} 29. Nc5 {[%emt 0:01:06]} Re3 {[%emt 0:02:02]} 30. Rd5 {[%emt 0:01:06]} a5 {[%emt 0:01:56]} 31. Na6 {[%emt 0:02:37]} Rbxb3 {[%emt 0:00:55]} 32. Rxb3 {[%emt 0:00:27]} Rxb3 {[%emt 0:00:14]} 33. Rxa5 {[%emt 0:00:06]} g5 {[%emt 0:00:28]} 34. c5 {[%emt 0:02:03]} Rc3 {[%emt 0:01:04]} 35. Kf2 {[%emt 0:00:25]} h5 {[%emt 0:00:17]} 36. Nb8 {[%emt 0:01:20]} Kf7 {[%emt 0:01:50]} 37. c6 {[%emt 0:00:42]} Ke7 {[%emt 0:00:20]} 38. Rxg5 {[%emt 0:01:07]} h4 {[%emt 0:01:04]} 39. Rh5 {[%emt 0:00:47]} Rc4 {[%emt 0:00:32]} 40. Rh7+ {[%emt 0:00:25]} Kd8 {[%emt 0:00:20]} 41. c7+ {[%emt 0:16:23]} Kc8 {[%emt 0:15:33]} 42. g4 {[%emt 0:00:39]} hxg3+ {[%emt 0:00:39]} 43. hxg3 {[%emt 0:00:17]} Rc2+ {[%emt 0:01:56]} 44. Ke3 {[%emt 0:00:51]} Rc3+ {[%emt 0:00:46]} 45. Kf4 {[%emt 0:00:15]} Rc4+ {[%emt 0:00:11]} 46. Kg5 {[%emt 0:00:09]} Rc5+ 47. Kg4 Rc4+ {[%emt 0:01:22]} 48. f4 {[%emt 0:00:37]} Rb4 {[%emt 0:00:35]} 49. Na6 {[%emt 0:00:33]} Rb6 {[%emt 0:02:12]} 50. Rh8+ {[%emt 0:00:11]} Kd7 {[%emt 0:00:49]} 51. c8=Q+ Kd6 52. Rd8+ Ke7 53. Qc7+ {[%emt 0:02:44]} Ke6 54. Qd7+ Kf6 {[%emt 0:02:23]} 55. Rf8+ {[%emt 0:00:46]} Kg6 {[%emt 0:00:20]} 56. f5+ {[%emt 0:00:49]} Kh6 {[%emt 0:00:12]} 57. Rh8# 1-0

[Event "GER-ch Youth U10W 2020"]
[Site "Willingen"]
[Date "2020.10.29"]
[Round "4.18"]
[White "Abram, Kristina-Maria"]
[Black "Becker, Hanna Charlotte"]
[Result "0-1"]
[WhiteElo "1038"]
[BlackElo "853"]
[Annotator "NA RC"]
[PlyCount "68"]
[EventDate "2020.10.27"]
[EventType "swiss"]
[EventRounds "7"]
[EventCountry "GER"]
[SourceTitle "playchess.com"]
[Source "ChessBase"]
[SourceQuality "1"]
[TimeControl "40/4500+30:900+30"]

1. e4 {[%emt 0:00:00]} e5 {[%emt 0:00:00]} 2. Bc4 {[%emt 0:00:00]} Nf6 {[%emt 0:00:00]} 3. d3 {[%emt 0:00:00]} c6 {[%emt 0:00:26]} 4. Nf3 {[%emt 0:00:30]} d5 {[%emt 0:00:25]} 5. exd5 {[%emt 0:00:11]} cxd5 {[%emt 0:00:06]} 6. Bb5+ {[%emt 0:01:33]} Bd7 {[%emt 0:00:34]} 7. Bxd7+ {[%emt 0:03:27]} Nbxd7 {[%emt 0:00:34]} 8. Qe2 {[%emt 0:00:24]} Bd6 {[%emt 0:00:44]} 9. Bf4 {[%emt 0:00:29]} Qe7 {[%emt 0:00:25]} 10. Bg5 {[%emt 0:00:32]} h6 {[%emt 0:00:25]} 11. Bh4 {[%emt 0:00:11]} O-O {[%emt 0:00:20]} 12. O-O {[%emt 0:00:23]} Qe6 {[%emt 0:01:08]} 13. Re1 {[%emt 0:00:37]} Rfe8 {[%emt 0:02:14]} 14. Nc3 {[%emt 0:02:32]} Rac8 {[%emt 0:01:41]} 15. Bg3 {[%emt 0:01:13]} e4 {[%emt 0:02:39]} 16. Bxd6 {[%emt 0:02:29]} exf3 {[%emt 0:01:34]} 17. Qxe6 {[%emt 0:00:09]} fxe6 {[%emt 0:01:35]} 18. gxf3 {[%emt 0:00:18]} e5 {[%emt 0:00:46]} 19. Re2 {[%emt 0:00:51]} Re6 {[%emt 0:00:51]} 20. Bb4 {[%emt 0:00:29]} b6 {[%emt 0:00:12]} 21. Rae1 {[%emt 0:01:00]} d4 {[%emt 0:00:29]} 22. Ne4 {[%emt 0:01:29]} a5 {[%emt 0:00:48]} 23. Ba3 {[%emt 0:01:42]} b5 {[%emt 0:00:25]} 24. b4 {[%emt 0:00:10]} a4 {[%emt 0:00:47]} 25. Bb2 {[%emt 0:01:25]} Rec6 {[%emt 0:02:08]} 26. Rc1 {[%emt 0:03:06]} Ra8 {[%emt 0:02:09]} 27. a3 {[%emt 0:00:29]} Nh5 {[%emt 0:00:59]} 28. c3 {[%emt 0:01:23]} dxc3 {[%emt 0:01:57]} 29. Nxc3 {[%emt 0:00:28]} Nf4 {[%emt 0:00:44]} 30. Rd2 {[%emt 0:00:30]} Nf6 {[%emt 0:00:39]} 31. Nxb5 {[%emt 0:00:40]} Rac8 {[%emt 0:00:51]} 32. Rxc6 {[%emt 0:00:26]} Rxc6 {[%emt 0:00:27]} 33. Bxe5 {[%emt 0:00:41]} Rc1+ {[%emt 0:00:26]} 34. Rd1 {[%emt 0:00:22]} Rxd1# {[%emt 0:00:10]} 0-1

[Event "GER-ch Youth U10W 2020"]
[Site "Willingen"]
[Date "2020.10.29"]
[Round "4.20"]
[White "Tu, Audrey"]
[Black "Rössling, Laura Marie"]
[Result "0-1"]
[WhiteElo "754"]
[BlackElo "937"]
[Annotator "NA RC"]
[PlyCount "100"]
[EventDate "2020.10.27"]
[EventType "swiss"]
[EventRounds "7"]
[EventCountry "GER"]
[SourceTitle "playchess.com"]
[Source "ChessBase"]
[SourceQuality "1"]
[TimeControl "40/4500+30:900+30"]

1. e4 {[%emt 0:00:00]} e5 {[%emt 0:00:00]} 2. Nf3 {[%emt 0:00:00]} Nc6 {[%emt 0:00:00]} 3. Bc4 {[%emt 0:00:05]} Bc5 {[%emt 0:00:00]} 4. Nc3 {[%emt 0:00:20]} Nf6 {[%emt 0:00:43]} 5. d3 {[%emt 0:00:18]} d6 {[%emt 0:00:40]} 6. h3 {[%emt 0:00:28]} Bd7 {[%emt 0:01:36]} 7. Ne2 {[%emt 0:00:40]} Qe7 {[%emt 0:01:33]} 8. Ng3 {[%emt 0:00:56]} O-O-O {[%emt 0:01:37]} 9. O-O {[%emt 0:01:48]} h6 {[%emt 0:01:29]} 10. c3 {[%emt 0:02:03]} Be6 {[%emt 0:07:35]} 11. Bxe6+ {[%emt 0:02:19]} fxe6 {[%emt 0:05:52]} 12. d4 {[%emt 0:00:43]} exd4 {[%emt 0:01:15]} 13. cxd4 {[%emt 0:00:14]} Bb6 {[%emt 0:02:38]} 14. Re1 {[%emt 0:00:47]} e5 {[%emt 0:03:24]} 15. d5 {[%emt 0:02:19]} Nd4 {[%emt 0:01:02]} 16. Nxd4 {[%emt 0:03:17]} exd4 {[%emt 0:02:04]} 17. b3 {[%emt 0:02:08]} Rhf8 {[%emt 0:05:01]} 18. Ba3 {[%emt 0:01:20]} Bc5 {[%emt 0:03:51]} 19. Bb2 {[%emt 0:01:48]} Bb4 {[%emt 0:02:25]} 20. Nf5 {[%emt 0:02:07]} Qd7 {[%emt 0:03:58]} 21. Rf1 {[%emt 0:01:23]} Nxe4 {[%emt 0:01:11]} 22. Nxd4 {[%emt 0:02:00]} Bc3 {[%emt 0:01:34]} 23. Rb1 {[%emt 0:01:25]} Nd2 {[%emt 0:01:38]} 24. Ne6 {[%emt 0:00:48]} Nxb1 {[%emt 0:02:25]} 25. Nxd8 {[%emt 0:00:52]} Rxd8 {[%emt 0:01:01]} 26. Qxb1 {[%emt 0:00:19]} Bxb2 {[%emt 0:01:53]} 27. Qxb2 {[%emt 0:00:11]} Re8 {[%emt 0:01:08]} 28. Qd4 {[%emt 0:02:03]} b6 {[%emt 0:01:23]} 29. a4 {[%emt 0:01:53]} Re5 {[%emt 0:00:51]} 30. Qf4 {[%emt 0:01:59]} Qf5 {[%emt 0:00:59]} 31. Qxf5+ {[%emt 0:02:14]} Rxf5 {[%emt 0:00:18]} 32. g4 {[%emt 0:00:18]} Rxd5 {[%emt 0:00:14]} 33. f4 {[%emt 0:01:20]} Rd3 {[%emt 0:00:32]} 34. h4 {[%emt 0:01:30]} Rxb3 {[%emt 0:00:30]} 35. h5 {[%emt 0:01:51]} Rg3+ {[%emt 0:00:18]} 36. Kh2 {[%emt 0:00:25]} Rxg4 {[%emt 0:00:27]} 37. f5 {[%emt 0:00:16]} Rh4+ {[%emt 0:00:23]} 38. Kg3 {[%emt 0:00:19]} Rxh5 {[%emt 0:00:13]} 39. Kg4 {[%emt 0:00:19]} Rh2 {[%emt 0:00:17]} 40. Ra1 {[%emt 0:00:52]} Rb2 {[%emt 0:00:50]} 41. Kh5 {[%emt 0:15:34]} Kd8 {[%emt 0:15:19]} 42. Kg6 {[%emt 0:00:15]} Rg2+ {[%emt 0:00:21]} 43. Kf7 {[%emt 0:00:35]} Rg5 {[%emt 0:00:42]} 44. f6 {[%emt 0:00:14]} gxf6 {[%emt 0:00:22]} 45. Kxf6 {[%emt 0:00:11]} Ra5 {[%emt 0:00:53]} 46. Kg6 {[%emt 0:00:16]} b5 {[%emt 0:00:13]} 47. Kxh6 {[%emt 0:01:12]} bxa4 {[%emt 0:00:10]} 48. Rf1 {[%emt 0:00:41]} a3 {[%emt 0:00:33]} 49. Rf8+ {[%emt 0:00:16]} Kd7 {[%emt 0:00:14]} 50. Rf7+ {[%emt 0:00:23]} Kc6 {[%emt 0:00:00]} 0-1

[Event "GER-ch Youth U10W 2020"]
[Site "Willingen"]
[Date "2020.10.30"]
[Round "5.1"]
[White "Sickmann, Lisa"]
[Black "Bauer, Laura Sophie"]
[Result "1-0"]
[WhiteElo "1510"]
[BlackElo "1287"]
[Annotator "NA RC"]
[PlyCount "53"]
[EventDate "2020.10.27"]
[EventType "swiss"]
[EventRounds "7"]
[EventCountry "GER"]
[SourceTitle "playchess.com"]
[Source "ChessBase"]
[SourceQuality "1"]
[TimeControl "40/4500+30:900+30"]

1. d4 {[%emt 0:00:00]} d5 {[%emt 0:00:00]} 2. c4 {[%emt 0:00:00]} e6 {[%emt 0:00:00]} 3. cxd5 {[%emt 0:00:00]} exd5 {[%emt 0:00:00]} 4. Nc3 {[%emt 0:00:00]} Nf6 {[%emt 0:00:04]} 5. Bg5 {[%emt 0:00:10]} Be7 {[%emt 0:00:10]} 6. e3 {[%emt 0:00:11]} h6 {[%emt 0:00:08]} 7. Bh4 {[%emt 0:00:28]} O-O {[%emt 0:00:14]} 8. Bd3 {[%emt 0:00:11]} b6 {[%emt 0:00:54]} 9. Nge2 {[%emt 0:03:23]} Bb7 {[%emt 0:01:32]} 10. O-O {[%emt 0:00:22]} Nbd7 {[%emt 0:04:15]} 11. Rc1 {[%emt 0:06:20]} c5 {[%emt 0:03:26]} 12. Bg3 {[%emt 0:09:39]} Nh5 {[%emt 0:06:23]} 13. Bc2 {[%emt 0:05:26]} Nxg3 {[%emt 0:02:49]} 14. Nxg3 {[%emt 0:00:11]} cxd4 {[%emt 0:07:51]} 15. Qxd4 {[%emt 0:04:01]} Bc5 {[%emt 0:05:13]} 16. Qd3 {[%emt 0:00:48]} Nf6 {[%emt 0:01:16]} 17. Nh5 {[%emt 0:00:46]} Ne4 {[%emt 0:07:00]} 18. Rfd1 {[%emt 0:04:26]} g6 {[%emt 0:11:22]} 19. Nxe4 {[%emt 0:01:44]} dxe4 {[%emt 0:00:49]} 20. Qc3 {[%emt 0:00:37]} gxh5 {[%emt 0:01:25]} 21. Rxd8 {[%emt 0:00:12]} Raxd8 {[%emt 0:00:42]} 22. Qf6 {[%emt 0:00:41]} Rd6 {[%emt 0:00:32]} 23. Qe5 {[%emt 0:00:29]} Rfd8 {[%emt 0:01:32]} 24. Qxh5 {[%emt 0:00:43]} R8d7 {[%emt 0:04:13]} 25. h3 {[%emt 0:02:35]} Rd5 {[%emt 0:03:42]} 26. Qg4+ {[%emt 0:00:44]} Kf8 {[%emt 0:00:42]} 27. Bxe4 {[%emt 0:00:17]} 1-0

[Event "GER-ch Youth U10W 2020"]
[Site "Willingen"]
[Date "2020.10.30"]
[Round "5.2"]
[White "Czäczine, Paula"]
[Black "Huber, Laura"]
[Result "1-0"]
[WhiteElo "1127"]
[BlackElo "1249"]
[Annotator "NA RC"]
[PlyCount "151"]
[EventDate "2020.10.27"]
[EventType "swiss"]
[EventRounds "7"]
[EventCountry "GER"]
[SourceTitle "playchess.com"]
[Source "ChessBase"]
[SourceQuality "1"]
[TimeControl "40/4500+30:900+30"]

1. e4 {[%emt 0:00:00]} e5 {[%emt 0:00:00]} 2. Nf3 {[%emt 0:00:00]} Nc6 {[%emt 0:00:00]} 3. d4 {[%emt 0:00:00]} exd4 {[%emt 0:00:00]} 4. Nxd4 {[%emt 0:00:08]} Bc5 {[%emt 0:00:00]} 5. Be3 {[%emt 0:00:13]} Qf6 {[%emt 0:00:26]} 6. c3 {[%emt 0:00:18]} Nge7 {[%emt 0:00:56]} 7. Bc4 {[%emt 0:00:25]} O-O {[%emt 0:00:43]} 8. O-O {[%emt 0:01:09]} Ne5 {[%emt 0:03:18]} 9. Bb3 {[%emt 0:04:03]} Qg6 {[%emt 0:04:10]} 10. Nd2 {[%emt 0:04:02]} d6 {[%emt 0:03:16]} 11. f4 {[%emt 0:03:32]} Ng4 {[%emt 0:04:59]} 12. Qe2 {[%emt 0:05:38]} Nxe3 {[%emt 0:12:06]} 13. Qxe3 {[%emt 0:00:17]} Nc6 {[%emt 0:02:20]} 14. Kh1 {[%emt 0:03:37]} Qf6 {[%emt 0:07:06]} 15. N2f3 {[%emt 0:03:18]} Re8 {[%emt 0:05:42]} 16. Rae1 {[%emt 0:09:16]} Bd7 {[%emt 0:12:00]} 17. Qd2 {[%emt 0:14:23]} Na5 {[%emt 0:12:04]} 18. e5 {[%emt 0:06:14]} Nxb3 {[%emt 0:01:44]} 19. Nxb3 {[%emt 0:06:19]} Qe7 {[%emt 0:01:19]} 20. exd6 {[%emt 0:01:16]} Qxd6 {[%emt 0:00:40]} 21. Nxc5 {[%emt 0:01:09]} Bb5 {[%emt 0:01:42]} 22. Qxd6 {[%emt 0:10:28]} cxd6 {[%emt 0:00:07]} 23. Nxb7 {[%emt 0:00:18]} Bxf1 {[%emt 0:00:11]} 24. Rxf1 {[%emt 0:00:10]} d5 {[%emt 0:00:32]} 25. Nc5 {[%emt 0:02:01]} Re2 {[%emt 0:00:30]} 26. Rb1 {[%emt 0:00:22]} Rb8 {[%emt 0:00:37]} 27. Nb3 {[%emt 0:00:15]} f6 {[%emt 0:00:24]} 28. Nfd4 {[%emt 0:00:22]} Re4 {[%emt 0:02:49]} 29. f5 {[%emt 0:00:12]} Rbe8 {[%emt 0:00:31]} 30. Nf3 {[%emt 0:00:31]} Re2 {[%emt 0:00:31]} 31. Kg1 {[%emt 0:00:36]} g6 {[%emt 0:01:08]} 32. Nbd4 {[%emt 0:00:41]} R2e7 {[%emt 0:00:29]} 33. g4 {[%emt 0:00:37]} Kh8 {[%emt 0:00:55]} 34. Ne6 {[%emt 0:00:24]} Rg8 {[%emt 0:00:24]} 35. Kf2 {[%emt 0:01:01]} Rb8 {[%emt 0:00:47]} 36. b4 {[%emt 0:00:26]} Rc8 {[%emt 0:00:28]} 37. Rc1 {[%emt 0:00:24]} Rc4 {[%emt 0:01:14]} 38. Nfd4 {[%emt 0:00:36]} Rc8 {[%emt 0:01:15]} 39. Kf3 {[%emt 0:01:06]} gxf5 {[%emt 0:01:04]} 40. gxf5 {[%emt 0:00:28]} h5 {[%emt 0:00:46]} 41. a4 {[%emt 0:16:24]} a6 {[%emt 0:16:20]} 42. b5 {[%emt 0:00:51]} axb5 {[%emt 0:00:59]} 43. axb5 {[%emt 0:00:11]} Rb7 {[%emt 0:00:56]} 44. Nc6 {[%emt 0:02:03]} Rxb5 {[%emt 0:02:15]} 45. Na7 {[%emt 0:00:34]} Rbb8 {[%emt 0:00:00]} 46. Nxc8 {[%emt 0:00:00]} Rxc8 {[%emt 0:00:00]} 47. Ke3 {[%emt 0:00:00]} Rc4 {[%emt 0:00:00]} 48. Nd4 {[%emt 0:00:00]} Kh7 {[%emt 0:00:00]} 49. h4 {[%emt 0:00:00]} Kh6 {[%emt 0:00:00]} 50. Kd3 {[%emt 0:00:00]} Rc7 {[%emt 0:00:00]} 51. Rb1 {[%emt 0:00:00]} Kh7 {[%emt 0:00:00]} 52. Rb5 {[%emt 0:00:00]} Rd7 {[%emt 0:00:00]} 53. Rb6 {[%emt 0:00:00]} Kg7 {[%emt 0:00:00]} 54. Ne6+ {[%emt 0:00:00]} Kf7 {[%emt 0:00:00]} 55. Kd4 {[%emt 0:00:00]} Ra7 {[%emt 0:00:00]} 56. Kxd5 {[%emt 0:00:00]} Ra5+ {[%emt 0:00:00]} 57. Nc5 {[%emt 0:00:00]} Ra2 {[%emt 0:00:00]} 58. Ne4 {[%emt 0:00:00]} Rh2 {[%emt 0:00:39]} 59. Rxf6+ {[%emt 0:00:00]} Kg7 {[%emt 0:00:45]} 60. Rg6+ {[%emt 0:00:00]} Kf7 {[%emt 0:00:41]} 61. Ng5+ {[%emt 0:00:00]} Kf8 {[%emt 0:00:27]} 62. Nf3 {[%emt 0:00:00]} Rf2 {[%emt 0:00:15]} 63. Nd4 {[%emt 0:00:00]} Rh2 {[%emt 0:01:09]} 64. c4 {[%emt 0:00:00]} Rxh4 {[%emt 0:00:09]} 65. c5 {[%emt 0:00:00]} Rh1 {[%emt 0:00:15]} 66. c6 {[%emt 0:00:00]} Rc1 {[%emt 0:00:05]} 67. Ne6+ {[%emt 0:00:00]} Ke7 {[%emt 0:01:46]} 68. c7 {[%emt 0:00:00]} Kd7 {[%emt 0:00:14]} 69. Rg8 {[%emt 0:00:00]} Rd1+ {[%emt 0:00:34]} 70. Ke5 {[%emt 0:00:00]} Re1+ {[%emt 0:00:58]} 71. Kf6 {[%emt 0:00:06]} Rc1 {[%emt 0:00:20]} 72. Kg6 {[%emt 0:00:47]} h4 {[%emt 0:00:42]} 73. Rh8 {[%emt 0:00:21]} Rc4 {[%emt 0:00:10]} 74. f6 {[%emt 0:00:10]} Rg4+ {[%emt 0:01:33]} 75. Kh5 {[%emt 0:00:28]} Rc4 {[%emt 0:00:12]} 76. f7 {[%emt 0:00:15]} 1-0